000 00746nam a22002297a 4500
005 20240215125745.0
010 _aENG-139261
020 _a9789356062283
_c730.00
035 _aEN-122793
037 _bDBAD
082 _a540
_26
100 _aSinghal, A.K.
_962133
245 _aObjective Chemistry for Neet 2023/
_cBy A.K. Singhal and U.K. Singhal
250 _a6
260 _aUttar Pradesh
_bPearson India Education Services
_c2022
270 _a15th Flooor, Tower-B, World Trade Tower, Plot No. 1, Block-C, Sector-16
_bNoida
_e201301
_mcompanysecretary.india@pearson.com
300 _avp.
_c25cm(pbk)
490 _aVol 2
500 _a
700 _aSinghal, U.K.
_eAuthor
_962132
942 _2ddc
_cEN
_h540
_mSIN
_e6
999 _c200786
_d200786